• 首页
  • 本馆介绍
  • 公告通知
  • 最新文献
  • 馆藏检索
  • 电子资源
  • 读者导购
  • 参考咨询
  • 我的图书馆
  • 登录
  • 详细信息显示
  • 放入我的书架
  • 预约/预借图书
  • 作者相关作品
  • 分类相关作品
  • 丛书相关作品
  • 出版社相关作品

书目信息

  • 表格格式
  • 工作单格式
  • 卡片格式
题名:
逻辑学基础
    
 
作者: 赫尔利 著 ;郑伟平 , 刘新文 译
分册:  
出版信息: 北京   中国轻工业出版社  2017
页数: 13,477页
开本: 26cm
丛书名:
单 册:
中图分类: B81
科图分类:
主题词: 逻辑--基本知识
电子资源:
ISBN: 978-7-5184-1164-1
000 01099nam0 2200289 450
001 2040543069
005 20201129111612.03
010    @a978-7-5184-1164-1@dCNY78.00
090    @aB81@bhel
096    @aB81@bhel
100    @a20170119d2017 em y0chiy50 ea
101 1  @achi@ceng
102    @aCN@b110000
105    @ay z 000yy
200 1  @a逻辑学基础@9luo ji xue ji chu@dLogic: the essentials@f(美)Patrick J. Hurley著@g郑伟平,刘新文译@zeng
210    @a北京@c中国轻工业出版社@d2017
215    @a13,477页@d26cm
305    @a圣智学习出版公司授权出版
330    @a本书主要关注了演绎逻辑,介绍了演绎推理及其逻辑的基本知识和技能,包括古代的直言命题和直言三段论、现代的命题逻辑和谓词逻辑。除演绎逻辑外,书中也对归纳逻辑给予了充分重视,从而为非形式谬误的分析提供了坚实的基础。
510 1  @aLogic: the essentials@zeng
606 0  @a逻辑@x基本知识
690    @aB81@v5
701  0 @c(美)@a赫尔利@c(Hurley, Patrick J.)@9he er li@4著
702  0 @a郑伟平@c(哲学)@9zheng wei ping@4译
702  0 @a刘新文@f(1972~)@9liu xin wen@4译
801  2 @aCN@b58marc.cn@c20170823
905    @aZUCC@dB81@e16
    
    逻辑学基础=Logic: the essentials/(美)Patrick J. Hurley著/郑伟平,刘新文译.-北京:中国轻工业出版社,2017
    13,477页;26cm
    
    
    ISBN 978-7-5184-1164-1:CNY78.00
    本书主要关注了演绎逻辑,介绍了演绎推理及其逻辑的基本知识和技能,包括古代的直言命题和直言三段论、现代的命题逻辑和谓词逻辑。除演绎逻辑外,书中也对归纳逻辑给予了充分重视,从而为非形式谬误的分析提供了坚实的基础。
●
相关链接 在五车中查询图书 在当当中查询图书 在豆瓣中查询图书


正题名:逻辑学基础     索取号:B81/16         预约/预借

序号 登录号 条形码 馆藏地/架位号 状态 备注
1 2000878905   2000878905   第二书库/ [索取号:B81/16] 在馆    
2 2000878906   2000878906   第二书库/ [索取号:B81/16] 在馆    
3 873087   2000873087   第二书库/ [索取号:B81/16] 在馆    
4 873088   2000873088   第二书库/ [索取号:B81/16] 在馆    
5 873089   2000873089   第二书库/ [索取号:B81/16] 在馆    
山东省滨州职业学院图书馆 欢迎您!
大连网信软件有限公司© 版权所有